Comportement organisationnel comportements humains et organisations dans un environnement complexe

Na minha lista:
Detalhes bibliográficos
Autor principal: McShane, Steven L.
Outros Autores: Steen, Sandra L., Benabou, Charles
Formato: Livro
Idioma:francês
Publicado em: Montreal Cheneliere McGraw-Hill 2013
Edição:2e éd.
Colecção:Cheneliére éducation
Assuntos:
Tags: Adicionar Tag
Sem tags, seja o primeiro a adicionar uma tag!

MARC

LEADER 00000nam a2200000 4500
001 0178392
005 20240313132804.6
020 |a 978-2-7651-0604-3 
041 0 |a fre 
044 |a CA 
245 1 0 |a Comportement organisationnel  |b comportements humains et organisations dans un environnement complexe  |c Steven L. McShane, Sandra L. Steen, Charles Benabou 
250 |a 2e éd. 
264 1 |a Montreal  |b Cheneliere McGraw-Hill  |c 2013 
300 |a 730 s. 
490 1 |a Cheneliére éducation 
830 0 |a Cheneliére éducation 
610 2 0 |a podnik 
610 2 0 |a organizácia 
610 2 0 |a správanie organizačné 
610 2 0 |a zdroje ľudské 
610 2 0 |a správanie 
610 2 0 |a Quebec 
610 2 0 |a Kanada 
100 1 |a McShane, Steven L. 
700 1 |a Steen, Sandra L. 
700 1 |a Benabou, Charles